000 00580nam a22001817a 4500
005 20251108165208.0
008 250721s1987 xx 000 0 ara d
082 1 4 _a956/غوي
100 1 _aغويتسولو، خوان
245 1 0 _aفي الإستشراق الإسباني /
264 1 _aبيروت :
_bالمؤسسة العربية للدراسات،
_c1987.
300 _a256ص
650 1 7 _aالإستشراق و المستشرقون
650 1 7 _aتاريخ الأندلس 711-1492
700 1 _aجهاد، كاظم
_eترجمة
942 _2ddc
_cBK
999 _c21838
_d21838